India's ex-Untouchables /

Bibliographic Details
Main Author: Isaacs, Harold R. (Harold Robert), 1910-1986
Corporate Author: Massachusetts Institute of Technology. Center for International Studies
Format: Book
Language:English
Published: New York : John Day Co., [1965]
Subjects:

MARC

Tag First Indicator Second Indicator Subfields
LEADER 00000cam a2200000 4500
001 in00000038222
005 20151007080913.0
008 750703s1965 eng u
010 |a  65010790  
035 |a (OCoLC)01430344 
035 |9 AAF5571AM 
040 |c DZM  |d TXA  |d UtOrBLW 
049 |a TXAM  |c [416215] 
050 0 0 |a DS422.C3  |b I8 
082 0 |a 301.45 
092 |a 301.45  |b I86i 
100 1 |a Isaacs, Harold R.  |q (Harold Robert),  |d 1910-1986. 
245 1 0 |a India's ex-Untouchables /  |c [by] Harold R. Isaacs. 
264 1 |a New York :  |b John Day Co.,  |c [1965] 
300 |a 188 pages 
336 |a text  |b txt  |2 rdacontent 
337 |a unmediated  |b n  |2 rdamedia 
338 |a volume  |b nc  |2 rdacarrier 
500 |a "A study from the Center for International Studies, Massachusetts Institute of Technology." 
504 |a Bibliographical footnotes. 
650 0 |a Dalits. 
650 0 |a Social mobility. 
710 2 |a Massachusetts Institute of Technology.  |b Center for International Studies. 
999 |a MARS 
999 f f |s f95772c8-db00-3768-b309-68576c1d51be  |i a93abb8c-a62e-3140-906b-8a757667f1db  |t 0 
952 f f |p ric  |a Texas A&M University  |b Rellis Campus  |c Joint Library Facility  |d Remote Storage  |t 0  |e DS422.C3 I8  |h Library of Congress classification  |i unmediated -- volume  |m A14800643415 
998 f f |a DS422.C3 I8  |t 0  |l Remote Storage